00487 2200193 4500001002100000005001500021008004100036020002200077035001900099041000700118082000800125090001400133100002800147245002500175260002900200300003700229500001100266650001600277INLIS00000000000444520241224112919241224||||||||| | ||| |||| || |  a978-979-1813-10-5 0010-1224004445 aid0 a741 a741.5 SIN0 aTIM STUDIO KREASI MEDIA00aSinga, Si Raja Hutan aBogorbKIDS BOOKERc2015 a19,5x19,5 cm, i, 29 hlm.; ilus.: aCet. 2 0aCerita Anak